[Event "Pfaeffikon Acrevis op 2nd"]
[Site "Pfaeffikon"]
[Date "2022.07.30"]
[Round "4"]
[White "Nguyen, Nam Khang"]
[Black "Wahl, Peter"]
[Result "0-1"]
[WhiteElo "1919"]
[BlackElo "1819"]
[PlyCount "44"]
[EventDate "2022.07.28"]
[EventType "swiss"]
[EventRounds "6"]
[EventCountry "SUI"]
[SourceTitle "EXT 2023"]
[Source "ChessBase"]
[SourceDate "2022.10.05"]
[SourceVersion "1"]
[SourceVersionDate "2022.10.05"]
[SourceQuality "1"]

1. e4 c5 2. Nf3 Nc6 3. d4 cxd4 4. Nxd4 g6 5. Be3 Bg7 6. Nc3 b6 7. a4 Bb7 8. Bb5 e6 9. Qd2 Nge7 10. 0-0-0 a6 11. Nxc6 Nxc6 12. Bxb6 Qxb6 13. Qxd7+ Kf8 14. a5 Nxa5 15. Rd6 Qc5 16. Ba4 Bxc3 17. bxc3 Nc4 18. Qxb7 Qxd6 19. Qxa8+ Kg7 20. Qc6 Qd2+ 21. Kb1 Rb8+ 22. Ka2 Qxc3 0-1

[Event "Pfaeffikon Acrevis op 2nd"]
[Site "Pfaeffikon"]
[Date "2022.07.29"]
[Round "2"]
[White "Nguyen, Nam Khang"]
[Black "Toktomushev, Teimur"]
[Result "0-1"]
[WhiteElo "1919"]
[BlackElo "2288"]
[PlyCount "46"]
[EventDate "2022.07.28"]
[EventType "swiss"]
[EventRounds "6"]
[EventCountry "SUI"]
[SourceTitle "EXT 2023"]
[Source "ChessBase"]
[SourceDate "2022.10.05"]
[SourceVersion "1"]
[SourceVersionDate "2022.10.05"]
[SourceQuality "1"]

1. e4 c5 2. Nf3 e6 3. d4 cxd4 4. Nxd4 a6 5. Nc3 b5 6. a3 Bb7 7. g4 Nf6 8. Bg2 b4 9. axb4 Bxb4 10. Qe2 Qc7 11. Bd2 h6 12. 0-0 Bc5 13. Nb3 h5 14. Rfd1 Ba7 15. h3 hxg4 16. hxg4 Rh4 17. Be3 Qh2+ 18. Kf1 Rxg4 19. Qf3 Bxe3 20. fxe3 Rg3 21. Qe2 Nxe4 22. Nxe4 Bxe4 23. Qc4 Qxg2+ 0-1

[Event "Pfaeffikon Acrevis op 2nd"]
[Site "Pfaeffikon"]
[Date "2022.07.29"]
[Round "3"]
[White "Zaldivar, Gustavo"]
[Black "Nguyen, Nam Khang"]
[Result "0-1"]
[WhiteElo "1692"]
[BlackElo "1919"]
[PlyCount "106"]
[EventDate "2022.07.28"]
[EventType "swiss"]
[EventRounds "6"]
[EventCountry "SUI"]
[SourceTitle "EXT 2023"]
[Source "ChessBase"]
[SourceDate "2022.10.05"]
[SourceVersion "1"]
[SourceVersionDate "2022.10.05"]
[SourceQuality "1"]

1. d4 Nf6 2. Nc3 d5 3. Bf4 e6 4. e3 Bb4 5. Bd3 c5 6. dxc5 Nbd7 7. Bd6 Nxc5 8. Bxc5 Bxc5 9. a3 0-0 10. Nf3 b6 11. Ng5 e5 12. Nxd5 Qxd5 13. Bxh7+ Kh8 14. Qxd5 Nxd5 15. Be4 Bb7 16. Rd1 Be7 17. Nxf7+ Rxf7 18. Rxd5 Raf8 19. Rxe5 Bxe4 20. Rxe4 Rxf2 21. Rxe7 Rxc2 22. Kd1 Rxb2 23. Kc1 Ra2 24. Kb1 Rxa3 25. Kb2 Ra5 26. g4 Rc8 27. Re4 Rb5+ 28. Ka2 Rc2+ 29. Ka3 Rc3+ 30. Ka2 a5 31. h4 Rbb3 32. Re1 b5 33. Re8+ Kh7 34. e4 a4 35. Re2 Ra3+ 36. Kb1 Rcb3+ 37. Rb2 b4 38. Rb8 Rxb2+ 39. Kxb2 Rb3+ 40. Kc2 Rc3+ 41. Kd2 Rb3 42. Kc2 Kg6 43. Rb6+ Kf7 44. g5 Rc3+ 45. Kd2 Rb3 46. g6+ Ke7 47. h5 a3 48. e5 a2 49. Rb7+ Ke6 50. Ra7 Ra3 51. Rxa3 bxa3 52. h6 gxh6 53. g7 Kf7 0-1

[Event "Pfaeffikon Acrevis op 2nd"]
[Site "Pfaeffikon"]
[Date "2022.07.28"]
[Round "1"]
[White "Radovcic, Branimir"]
[Black "Nguyen, Nam Khang"]
[Result "0-1"]
[WhiteElo "1625"]
[BlackElo "1919"]
[PlyCount "90"]
[EventDate "2022.07.28"]
[EventType "swiss"]
[EventRounds "6"]
[EventCountry "SUI"]
[SourceTitle "EXT 2023"]
[Source "ChessBase"]
[SourceDate "2022.10.05"]
[SourceVersion "1"]
[SourceVersionDate "2022.10.05"]
[SourceQuality "1"]

1. e4 e5 2. Nf3 Nc6 3. Bc4 Bc5 4. c3 Nf6 5. d3 d6 6. Nbd2 Bb6 7. 0-0 Ne7 8. Re1 Ng6 9. Nf1 0-0 10. Ng3 Be6 11. Bb3 c5 12. Bg5 h6 13. Be3 Ng4 14. Qe2 Nf4 15. Bxf4 exf4 16. Bxe6 fxe6 17. Nf1 Ne5 18. c4 Qf6 19. N1d2 Ba5 20. Nxe5 dxe5 21. Red1 Bxd2 22. Rxd2 f3 23. Qxf3 Qxf3 24. gxf3 Rxf3 25. Kg2 Raf8 26. Rb1 a5 27. b3 g5 28. a3 g4 29. a4 h5 30. Kh1 Rh3 31. Rf1 Kg7 32. Re1 Rff3 33. Red1 Kg6 34. Kg1 Kg5 35. Kg2 h4 36. Kg1 Kg6 37. Kg2 Kf6 38. Kg1 b6 39. Kg2 Kg6 40. Kg1 Kg5 41. Kg2 Kf4 42. Kg1 g3 43. fxg3+ hxg3 44. hxg3+ Rhxg3+ 45. Rg2 Rxd3 0-1

[Event "Belp op"]
[Site "Belp"]
[Date "2015.05.24"]
[Round "4"]
[White "Olivier, Jeremy"]
[Black "Nguyen, Nam Khang"]
[Result "0-1"]
[WhiteElo "1562"]
[BlackElo "1983"]
[PlyCount "54"]
[EventDate "2015.05.23"]
[EventType "swiss"]
[EventRounds "5"]
[EventCountry "SUI"]
[SourceTitle "EXT 2016"]
[Source "ChessBase"]
[SourceDate "2015.10.08"]
[SourceVersion "1"]
[SourceVersionDate "2015.10.08"]
[SourceQuality "1"]

1. e4 e5 2. Nf3 Nc6 3. Nc3 Nf6 4. d4 exd4 5. Nxd4 Bb4 6. Nxc6 bxc6 7. Bd3 0-0 8. 0-0 d6 9. h3 Re8 10. Re1 Rb8 11. a3 Ba5 12. b4 Bb6 13. Bb2 a5 14. b5 Nd7 15. bxc6 Ne5 16. Nd5 Bxf2+ 17. Kxf2 Rxb2 18. Qd2 Qh4+ 19. Kf1 Bxh3 20. Re3 Bg4 21. Nxc7 Reb8 22. Rae1 Nxc6 23. Nb5 Ne5 24. Nxd6 Bf3 25. gxf3 Qh1+ 26. Kf2 Qh2+ 27. Kf1 Qxd2 0-1

[Event "Wch U14"]
[Site "Durban"]
[Date "2014.09.21"]
[Round "2"]
[White "Ip, Seng Tou"]
[Black "Nguyen, Nam Khang"]
[Result "1-0"]
[WhiteElo "1417"]
[BlackElo "1872"]
[PlyCount "43"]
[EventDate "2014.09.20"]
[EventType "swiss"]
[EventRounds "11"]
[EventCountry "RSA"]
[SourceTitle "CBM 162 Extra"]
[Source "ChessBase"]
[SourceDate "2014.10.17"]
[SourceVersion "1"]
[SourceVersionDate "2014.10.17"]
[SourceQuality "1"]

1. e4 e5 2. Nf3 Nc6 3. Bb5 a6 4. Bxc6 dxc6 5. 0-0 Bg4 6. h3 Bh5 7. g4 Bg6 8. Nxe5 Bd6 9. Nc4 Qh4 10. Nxd6+ cxd6 11. Qf3 h5 12. d3 hxg4 13. Qxg4 Qxh3 14. Qxh3 Rxh3 15. Kg2 Rh4 16. f3 Nf6 17. Nc3 Nd7 18. Be3 0-0-0 19. Rh1 Rdh8 20. Rxh4 Rxh4 21. Rh1 Rxh1 22. Kxh1 1-0

[Event "SUI-ch U14"]
[Site "Cham"]
[Date "2014.07.06"]
[Round "7"]
[White "Nguyen, Nam Khang"]
[Black "Goldie, Thomas"]
[Result "0-1"]
[WhiteElo "1872"]
[BlackElo "2070"]
[PlyCount "62"]
[EventDate "2014.07.03"]
[EventType "swiss"]
[EventRounds "7"]
[EventCountry "SUI"]
[SourceTitle "CBM 161 Extra"]
[Source "ChessBase"]
[SourceDate "2014.08.29"]
[SourceVersion "1"]
[SourceVersionDate "2014.08.29"]
[SourceQuality "1"]

1. e4 c5 2. Nf3 d6 3. d4 cxd4 4. Nxd4 Nf6 5. Nc3 a6 6. h3 e5 7. Nde2 b5 8. g4 b4 9. Nd5 Bb7 10. Nxf6+ Qxf6 11. Bg2 Nd7 12. Be3 Be7 13. c4 bxc3 14. Nxc3 0-0 15. 0-0 Qe6 16. Rc1 Rac8 17. Qd2 Nf6 18. Rfd1 Rc4 19. b3 Nxe4 20. Nxe4 Rxe4 21. Bxe4 Bxe4 22. Qe2 Ba8 23. Qxa6 Bf3 24. Rd2 h5 25. Qc4 Qg6 26. Qd3 e4 27. Qf1 hxg4 28. hxg4 Qxg4+ 29. Kh2 Bf6 30. Bd4 Bxd4 31. Rxd4 Qh4+ 0-1

[Event "SUI-ch U14"]
[Site "Cham"]
[Date "2014.07.05"]
[Round "6"]
[White "Nguyen, Nam Khang"]
[Black "Brandis, Benjamin"]
[Result "1-0"]
[WhiteElo "1872"]
[BlackElo "1842"]
[PlyCount "93"]
[EventDate "2014.07.03"]
[EventType "swiss"]
[EventRounds "7"]
[EventCountry "SUI"]
[SourceTitle "CBM 161 Extra"]
[Source "ChessBase"]
[SourceDate "2014.08.29"]
[SourceVersion "1"]
[SourceVersionDate "2014.08.29"]
[SourceQuality "1"]

1. e4 e5 2. Nf3 Nc6 3. Bb5 a6 4. Ba4 Nf6 5. d3 b5 6. Bb3 Bc5 7. c3 d6 8. 0-0 0-0 9. Nbd2 Bb7 10. Re1 h6 11. Nf1 Ne7 12. Ng3 Bb6 13. Nh4 Bc8 14. h3 Be6 15. Bc2 Qd7 16. Qf3 Nh7 17. Ngf5 Bxf5 18. exf5 Nf6 19. a4 c6 20. Bb3 Kh7 21. axb5 cxb5 22. Bxf7 e4 23. dxe4 Rxf7 24. e5 Qa7 25. exf6 Rxf6 26. Be3 Bxe3 27. Rxe3 Raf8 28. Qe4 R8f7 29. Qd3 Nc6 30. Ng6 Qa8 31. Rae1 Ne5 32. Nxe5 dxe5 33. Rxe5 Qc8 34. Re6 Qc5 35. R1e5 Qc8 36. Qe4 Qd8 37. Re8 Qd1+ 38. Kh2 Qd6 39. f4 Qd2 40. Rd5 Qf2 41. Rdd8 Rf8 42. Rxf8 Rxf8 43. Rd7 Kh8 44. Qe5 Rg8 45. f6 Qc2 46. f7 Rf8 47. Qe8 1-0

[Event "SUI-ch U16"]
[Site "Belp"]
[Date "2014.06.08"]
[Round "6"]
[White "Nguyen, Nam Khang"]
[Black "Arcuti, Davide"]
[Result "1/2-1/2"]
[WhiteElo "1872"]
[BlackElo "2166"]
[PlyCount "41"]
[EventDate "2014.06.06"]
[EventType "swiss"]
[EventRounds "7"]
[EventCountry "SUI"]
[SourceTitle "EXT 2015"]
[Source "ChessBase"]
[SourceDate "2014.11.20"]
[SourceVersion "1"]
[SourceVersionDate "2014.11.20"]
[SourceQuality "1"]

1. e4 e5 2. Nf3 Nc6 3. Bb5 a6 4. Ba4 Nf6 5. d3 d6 6. c3 g6 7. 0-0 Bg7 8. Re1 0-0 9. h3 b5 10. Bc2 Bb7 11. Nbd2 Nb8 12. a4 Nbd7 13. Nf1 c5 14. Ne3 d5 15. exd5 Nxd5 16. Nxd5 Bxd5 17. Bb3 Bc6 18. Be3 Qc7 19. axb5 axb5 20. Rxa8 Bxa8 21. Ng5 1/2-1/2

[Event "SUI-ch U16"]
[Site "Belp"]
[Date "2014.06.08"]
[Round "5"]
[White "Nguyen, Nam Khang"]
[Black "Catsiapis, Yiannis"]
[Result "1-0"]
[WhiteElo "2166"]
[BlackElo "2019"]
[PlyCount "81"]
[EventDate "2014.06.06"]
[EventType "swiss"]
[EventRounds "7"]
[EventCountry "SUI"]
[SourceTitle "EXT 2015"]
[Source "ChessBase"]
[SourceDate "2014.11.20"]
[SourceVersion "1"]
[SourceVersionDate "2014.11.20"]
[SourceQuality "1"]

1. e4 e5 2. Nf3 Nc6 3. Bb5 f5 4. Nc3 fxe4 5. Nxe4 Nf6 6. Nxf6+ Qxf6 7. Qe2 Be7 8. Bxc6 bxc6 9. Nxe5 0-0 10. 0-0 Qe6 11. Re1 Bc5 12. Nf3 Qxe2 13. Rxe2 d6 14. d4 Bb6 15. c3 Bg4 16. a4 a5 17. Re3 Rab8 18. h3 Bxf3 19. Rxf3 Rxf3 20. gxf3 c5 21. dxc5 Bxc5 22. Rb1 d5 23. Be3 Ba3 24. b4 axb4 25. Bc5 Kf7 26. cxb4 d4 27. Rb3 Bc1 28. Bxd4 Bf4 29. a5 Ra8 30. Bc5 Ke6 31. Rd3 h6 32. Kf1 Bg5 33. Ke2 Bf4 34. Kd1 Bg5 35. Kc2 Bf4 36. Kb3 c6 37. Bb6 Bd6 38. Kc4 Rf8 39. Bc5 Rf4+ 40. Rd4 Rxd4+ 41. Kxd4 1-0

[Event "SUI-ch U16"]
[Site "Belp"]
[Date "2014.06.07"]
[Round "4"]
[White "Wallmueller, Peter"]
[Black "Nguyen, Nam Khang"]
[Result "0-1"]
[WhiteElo "2000"]
[BlackElo "1872"]
[PlyCount "94"]
[EventDate "2014.06.06"]
[EventType "swiss"]
[EventRounds "7"]
[EventCountry "SUI"]
[SourceTitle "EXT 2015"]
[Source "ChessBase"]
[SourceDate "2014.11.20"]
[SourceVersion "1"]
[SourceVersionDate "2014.11.20"]
[SourceQuality "1"]

1. d4 Nf6 2. c4 e6 3. Nf3 b6 4. g3 Ba6 5. Qc2 Be7 6. Bg2 c6 7. 0-0 0-0 8. Re1 d5 9. cxd5 Nxd5 10. Nc3 Nd7 11. e4 Nb4 12. Qd1 Nf6 13. Bg5 Nd3 14. Re2 c5 15. Bxf6 Bxf6 16. Rd2 Bxd4 17. Rxd3 Bxd3 18. e5 Bxc3 19. bxc3 Rc8 20. Qe1 Qe7 21. Qe3 Rfd8 22. Qf4 h6 23. h4 Rd7 24. Kh2 Rcd8 25. g4 Be2 26. g5 h5 27. Re1 Bxf3 28. Bxf3 g6 29. Rg1 Kg7 30. Qe4 Qe8 31. Qf4 Qe7 32. Qe4 Rd2 33. Rg2 Rxa2 34. Bxh5 Rdd2 35. Qf3 gxh5 36. Qxh5 Rxf2 37. Rxf2 Rxf2+ 38. Kg3 Rc2 39. Qh6+ Kg8 40. h5 Qf8 41. Qf6 Rxc3+ 42. Kg2 Qg7 43. Qd8+ Kh7 44. Qd2 Qxe5 45. g6+ fxg6 46. Qd7+ Qg7 47. hxg6+ Kxg6 0-1

[Event "SUI-ch U16"]
[Site "Belp"]
[Date "2014.06.06"]
[Round "1"]
[White "Nguyen, Nam Khang"]
[Black "Oestmann, Lukas"]
[Result "1-0"]
[WhiteElo "1872"]
[BlackElo "1615"]
[PlyCount "107"]
[EventDate "2014.06.06"]
[EventType "swiss"]
[EventRounds "7"]
[EventCountry "SUI"]
[SourceTitle "EXT 2015"]
[Source "ChessBase"]
[SourceDate "2014.11.20"]
[SourceVersion "1"]
[SourceVersionDate "2014.11.20"]
[SourceQuality "1"]

1. e4 e5 2. Nf3 Nc6 3. Bb5 a6 4. Ba4 b5 5. Bb3 Na5 6. Nxe5 Nxb3 7. axb3 Qe7 8. d4 d6 9. Nf3 Qxe4+ 10. Be3 Be7 11. Nc3 Qb7 12. 0-0 Bg4 13. d5 Nf6 14. b4 0-0 15. Re1 Rfe8 16. h3 Bh5 17. Bf4 c6 18. dxc6 Qxc6 19. Nd4 Qxc3 20. bxc3 Bxd1 21. Raxd1 Bf8 22. Rxe8 Rxe8 23. Ra1 Nd5 24. Bg3 Nxc3 25. Rxa6 d5 26. Bd6 h6 27. Bxf8 Kxf8 28. Rc6 Ne2+ 29. Nxe2 Rxe2 30. Kf1 Re4 31. c3 d4 32. f3 Re3 33. cxd4 Rb3 34. Ke2 Rxb4 35. Kd3 Ke7 36. f4 Rb2 37. Rc7+ Ke6 38. g4 Rb3+ 39. Ke4 Rxh3 40. d5+ Kf6 41. d6 Ke6 42. d7 Ke7 43. d8Q+ Kxd8 44. Rxf7 g5 45. f5 b4 46. Rb7 b3 47. f6 Ke8 48. Kf5 Rf3+ 49. Kg6 h5 50. f7+ Kf8 51. Rb8+ Ke7 52. Re8+ Kd7 53. f8Q Rxf8 54. Rxf8 1-0

[Event "EU Union-ch U13 11th"]
[Site "Mureck"]
[Date "2013.08.04"]
[Round "5"]
[White "Nguyen, Nam Khang"]
[Black "Polterauer, Chiara"]
[Result "1-0"]
[WhiteElo "1869"]
[BlackElo "1794"]
[PlyCount "59"]
[EventDate "2013.07.31"]
[EventType "swiss"]
[EventRounds "9"]
[EventCountry "AUT"]
[SourceTitle "CBM 155 Extra"]
[Source "ChessBase"]
[SourceDate "2013.08.26"]
[SourceVersion "1"]
[SourceVersionDate "2013.08.26"]
[SourceQuality "1"]

1. e4 e5 2. Nf3 Nc6 3. Bb5 g6 4. d4 exd4 5. Bg5 Be7 6. Bxe7 Qxe7 7. Bxc6 dxc6 8. Qxd4 Nf6 9. Nc3 0-0 10. 0-0 Bg4 11. e5 Bxf3 12. exf6 Qe6 13. gxf3 Qf5 14. Qh4 Qxf3 15. Ne4 h5 16. Rfe1 Rad8 17. Qg5 Kh7 18. Qg3 Qf5 19. Re3 Rd5 20. Qxc7 Qg4+ 21. Qg3 Rd1+ 22. Rxd1 Qxd1+ 23. Kg2 Qxc2 24. Qd6 Kg8 25. Rd3 Re8 26. Ng5 Qe2 27. Qd7 Rf8 28. Re3 Qb5 29. h4 Qxb2 30. Re8 1-0

[Event "EU Union-ch U13 11th"]
[Site "Mureck"]
[Date "2013.08.03"]
[Round "4"]
[White "Maresic, Julian"]
[Black "Nguyen, Nam Khang"]
[Result "1/2-1/2"]
[WhiteElo "1711"]
[BlackElo "1869"]
[PlyCount "25"]
[EventDate "2013.07.31"]
[EventType "swiss"]
[EventRounds "9"]
[EventCountry "AUT"]
[SourceTitle "CBM 155 Extra"]
[Source "ChessBase"]
[SourceDate "2013.08.26"]
[SourceVersion "1"]
[SourceVersionDate "2013.08.26"]
[SourceQuality "1"]

1. Nf3 Nf6 2. c4 e6 3. g3 a6 4. Bg2 b5 5. d3 c5 6. 0-0 Bb7 7. Bf4 d6 8. Qc2 Qb6 9. Nbd2 Be7 10. Rfd1 0-0 11. Ne1 Nc6 12. Ndf3 Nh5 13. Bg5 1/2-1/2

[Event "SUI-ch U14"]
[Site "Geneve"]
[Date "2013.06.29"]
[Round "6"]
[White "Nguyen, Nam Khang"]
[Black "Schweighoffer, Martin"]
[Result "1/2-1/2"]
[WhiteElo "1795"]
[BlackElo "1898"]
[PlyCount "65"]
[EventDate "2013.06.27"]
[EventType "swiss"]
[EventRounds "7"]
[EventCountry "SUI"]
[SourceTitle "EXT 2014"]
[Source "ChessBase"]
[SourceDate "2013.11.20"]
[SourceVersion "1"]
[SourceVersionDate "2013.11.20"]
[SourceQuality "1"]

1. e4 e5 2. Nf3 Nc6 3. Bb5 a6 4. Ba4 Nf6 5. d3 b5 6. Bb3 Bc5 7. 0-0 0-0 8. c3 d6 9. Bg5 h6 10. Be3 Ba7 11. Nbd2 Ne7 12. Re1 Ng6 13. Nf1 Be6 14. Bc2 c5 15. Ng3 Kh7 16. d4 c4 17. a4 Ng4 18. Bc1 exd4 19. cxd4 b4 20. h3 Nf6 21. Be3 a5 22. e5 dxe5 23. Nxe5 Nd5 24. Qh5 Nde7 25. Bg5 Qxd4 26. Bxe7 Qxf2+ 27. Kh1 Qxc2 28. Bxf8 Nf4 29. Qf3 Bd5 30. Ne4 f5 31. Qxf4 Bxe4 32. Rxe4 Rxf8 33. Rxc4 1/2-1/2

[Event "SUI-ch U12"]
[Site "St Ursanne"]
[Date "2011.07.02"]
[Round "5"]
[White "Nguyen, Nam Khang"]
[Black "Rohrer, Christophe"]
[Result "0-1"]
[WhiteElo "1529"]
[BlackElo "1758"]
[PlyCount "158"]
[EventDate "2011.06.30"]
[EventType "swiss"]
[EventRounds "7"]
[EventCountry "SUI"]
[SourceTitle "EXT 2012"]
[Source "ChessBase"]
[SourceDate "2011.11.24"]
[SourceVersion "1"]
[SourceVersionDate "2011.11.24"]
[SourceQuality "1"]

1. e4 c5 2. Nf3 e6 3. d4 cxd4 4. Nxd4 Nc6 5. Nf3 Qc7 6. Nc3 a6 7. Bd3 Nf6 8. Bg5 Be7 9. Qe2 d6 10. h3 h6 11. Bh4 b5 12. Qe3 Bb7 13. Ne2 0-0 14. 0-0 Nb4 15. c3 Nxd3 16. Qxd3 Bxe4 17. Qe3 Qb7 18. Ne1 Bc6 19. Rd1 Nd5 20. Qd4 e5 21. Qg4 f5 22. Qh5 Be8 23. Qf3 e4 24. Qg3 g5 25. f4 Ne3 26. Qxe3 gxh4 27. Qd2 Bh5 28. Rc1 d5 29. Kh1 Bc5 30. b4 Bb6 31. Nd4 Qd7 32. Rg1 Rae8 33. Nec2 Qd6 34. Kh2 e3 35. Qe1 Qxf4+ 36. Kh1 Qg3 37. Ne2 Qxe1 38. Rcxe1 Bxe2 39. Rxe2 f4 40. a3 Kg7 41. Rd1 Rf5 42. Ne1 Kg6 43. Nf3 Kh5 44. Kh2 Rc8 45. Rd3 Rc4 46. Ra2 Re4 47. Re2 Re8 48. Kh1 Ra8 49. Rc2 Rc8 50. Kh2 Rd8 51. Ra2 Rf7 52. Re2 Re7 53. Kh1 Re4 54. Kh2 Kg6 55. Nxh4+ Kf6 56. Nf3 Rc4 57. h4 Re4 58. Kh3 h5 59. Ng5 Rc4 60. Nh7+ Kf5 61. Ng5 Rd7 62. Nf3 Ke4 63. Ne1 Rdc7 64. Rc2 d4 65. Rd1 Rxc3 66. Rxc3 Rxc3 67. Nf3 e2 68. Re1 d3 69. Nd2+ Ke3 70. a4 Kxd2 71. Ra1 e1Q 72. Rxe1 Kxe1 73. a5 d2+ 74. Kh2 Bg1+ 75. Kh1 d1Q 76. g3 Qf3+ 77. Kxg1 Qxg3+ 78. Kh1 Qh3+ 79. Kg1 Rg3# 0-1